[Event "GER Cup Net Final-C U1600"]
[Site "Playchess.com INT"]
[Date "2020.06.06"]
[Round "12"]
[White "Meier, Franz1111"]
[Black "Schell, Andreas"]
[Result "1-0"]
[WhiteElo "1421"]
[BlackElo "1502"]
[PlyCount "43"]
[EventDate "2020.06.06"]
[EventType "swiss (blitz)"]
[EventRounds "13"]
[EventCountry "GER"]
[SourceTitle "CBM 197 Extra"]
[Source "ChessBase"]
[SourceDate "2020.09.30"]
[SourceVersion "1"]
[SourceVersionDate "2020.09.30"]
[SourceQuality "1"]

1. c4 g6 2. Nc3 Bg7 3. d4 e6 4. g3 Ne7 5. Bg2 0-0 6. e3 d6 7. Nge2 Nd7 8. 0-0 c5 9. dxc5 Nxc5 10. b4 Nd7 11. a3 Rb8 12. Bb2 b6 13. Rc1 Bb7 14. Bxb7 Rxb7 15. Qxd6 Nf5 16. Qf4 Bh6 17. Qf3 Ne5 18. Qxb7 Nd3 19. Rb1 Bg7 20. Rbd1 Nxf2 21. Rxd8 Rxd8 22. Kxf2 1-0

[Event "GER Cup Net Final-C U1600"]
[Site "Playchess.com INT"]
[Date "2020.06.06"]
[Round "10"]
[White "Schell, Andreas"]
[Black "Nelles, Werner"]
[Result "1-0"]
[WhiteElo "1502"]
[BlackElo "1384"]
[PlyCount "113"]
[EventDate "2020.06.06"]
[EventType "swiss (blitz)"]
[EventRounds "13"]
[EventCountry "GER"]
[SourceTitle "CBM 197 Extra"]
[Source "ChessBase"]
[SourceDate "2020.09.30"]
[SourceVersion "1"]
[SourceVersionDate "2020.09.30"]
[SourceQuality "1"]

1. d4 d5 2. g3 Nc6 3. Bg2 e5 4. e3 e4 5. Ne2 Bg4 6. 0-0 Qf6 7. b3 Bf3 8. Bb2 Bxg2 9. Kxg2 Qf3+ 10. Kg1 Nf6 11. Nf4 Qxd1 12. Rxd1 g5 13. Ne2 Bd6 14. Nd2 h5 15. c4 0-0-0 16. cxd5 Nxd5 17. Nc3 Nxc3 18. Bxc3 Rhg8 19. Nxe4 Be7 20. d5 Nb8 21. Be5 f6 22. Bxf6 Bxf6 23. Nxf6 Rh8 24. Rac1 Nd7 25. Nxd7 Rxd7 26. d6 c6 27. e4 Re8 28. f3 a6 29. Rc4 b5 30. Rxc6+ Kb7 31. Rc5 g4 32. fxg4 hxg4 33. e5 Kb6 34. Rcd5 Re6 35. Kg2 a5 36. h3 Kc6 37. hxg4 Rg6 38. Kf3 Rf7+ 39. Kg2 Rd7 40. R5d2 b4 41. Rc2+ Kb6 42. Rc4 Rh6 43. Re4 Re6 44. g5 Kb7 45. Kf3 Rf7+ 46. Kg4 Rd7 47. Kf5 Re8 48. e6 Rh7 49. d7 Rd8 50. e7 Rf7+ 51. Kg4 Ra8 52. d8Q Rxd8 53. exd8Q Rc7 54. Re7 Rxe7 55. Qxe7+ Kc6 56. Rd6+ Kc5 57. Qe5# 1-0

[Event "GER Cup Net V3 U1600"]
[Site "Playchess.com INT"]
[Date "2020.05.27"]
[Round "3"]
[White "Heiligtag, Matthias"]
[Black "Schell, Andreas"]
[Result "1-0"]
[WhiteElo "1653"]
[BlackElo "1521"]
[PlyCount "71"]
[EventDate "2020.05.27"]
[EventType "swiss (blitz)"]
[EventRounds "9"]
[EventCountry "GER"]
[SourceTitle "EXT 2021"]
[Source "ChessBase"]
[SourceDate "2020.10.23"]
[SourceVersion "1"]
[SourceVersionDate "2020.10.23"]
[SourceQuality "1"]

1. e4 g6 2. Nf3 Bg7 3. d4 e6 4. Nc3 Ne7 5. Bc4 0-0 6. 0-0 d6 7. d5 e5 8. Bg5 Nd7 9. Bxe7 Qxe7 10. Qd2 Nf6 11. Rfe1 Bg4 12. Re3 a6 13. Rd3 Nd7 14. h3 Bxf3 15. Rxf3 Nc5 16. b4 Nd7 17. a3 b5 18. Bb3 Nb6 19. a4 bxa4 20. Nxa4 Nxa4 21. Bxa4 Rfc8 22. Bc6 Ra7 23. Qe3 Raa8 24. Bxa8 Rxa8 25. Qd3 Qd8 26. Rxa6 Rxa6 27. Qxa6 Qb8 28. b5 Bh6 29. Ra3 Kg7 30. Rb3 Bd2 31. b6 cxb6 32. Qxb6 Qc8 33. Rb2 Bc3 34. Ra2 Bd4 35. Qc6 Bc5 36. Qxc8 1-0

[Event "GER Cup Net V3 U1600"]
[Site "Playchess.com INT"]
[Date "2020.05.27"]
[Round "4"]
[White "Maly, Wolfgang"]
[Black "Schell, Andreas"]
[Result "1-0"]
[WhiteElo "1313"]
[BlackElo "1521"]
[PlyCount "73"]
[EventDate "2020.05.27"]
[EventType "swiss (blitz)"]
[EventRounds "9"]
[EventCountry "GER"]
[SourceTitle "EXT 2021"]
[Source "ChessBase"]
[SourceDate "2020.10.23"]
[SourceVersion "1"]
[SourceVersionDate "2020.10.23"]
[SourceQuality "1"]

1. b3 d5 2. Bb2 Nf6 3. Nf3 g6 4. e3 Bg7 5. h3 0-0 6. Be2 Nc6 7. 0-0 Bf5 8. Bb5 Nb4 9. d3 c6 10. a3 Na6 11. Bxa6 bxa6 12. Nh4 Bd7 13. Qe2 Re8 14. Nd2 e5 15. Rae1 Bf8 16. Nhf3 Qc7 17. e4 d4 18. c4 c5 19. Nh2 Nh5 20. Qd1 Bh6 21. Ndf3 Qc8 22. Ng4 Bxg4 23. hxg4 Qxg4 24. Bc1 Bxc1 25. Qxc1 Nf4 26. g3 Nxd3 27. Qh6 Nxe1 28. Nxe1 Re6 29. Kg2 g5 30. Qh2 Kg7 31. Rh1 Rh8 32. f3 Qxe4 33. fxe4 Rf6 34. Nf3 g4 35. Nxe5 Re6 36. Qh5 d3 37. Qxf7# 1-0

[Event "GER Cup Net V2 U1600"]
[Site "Playchess.com INT"]
[Date "2020.05.22"]
[Round "8"]
[White "Ruddat, Mathias"]
[Black "Schell, Andreas"]
[Result "1-0"]
[WhiteElo "1511"]
[BlackElo "1502"]
[PlyCount "81"]
[EventDate "2020.05.22"]
[EventType "swiss (blitz)"]
[EventRounds "9"]
[EventCountry "GER"]
[SourceTitle "EXT 2021"]
[Source "ChessBase"]
[SourceDate "2020.10.23"]
[SourceVersion "1"]
[SourceVersionDate "2020.10.23"]
[SourceQuality "1"]

1. e4 e5 2. Nf3 Nc6 3. d4 exd4 4. Nxd4 Nf6 5. Nc3 Bb4 6. Nxc6 bxc6 7. Bd3 Bxc3+ 8. bxc3 0-0 9. 0-0 d6 10. Bg5 Be6 11. f4 h6 12. Bh4 Bg4 13. Bxf6 Bxd1 14. Bxd8 Raxd8 15. Rfxd1 d5 16. Rab1 Rfe8 17. e5 c5 18. Rb7 c4 19. Bf5 g6 20. Bg4 h5 21. Bf3 c6 22. Rdb1 d4 23. Bxc6 Rf8 24. cxd4 Rxd4 25. g3 Rd2 26. Ba4 Rc8 27. Rxa7 Rcd8 28. Rab7 Re2 29. Rb8 Rxb8 30. Rxb8+ Kg7 31. Rc8 Re1+ 32. Kf2 Ra1 33. Rxc4 Rxa2 34. Bb3 Ra8 35. Rc7 Rf8 36. Rxf7+ Rxf7 37. Bxf7 Kxf7 38. Ke3 Ke6 39. Kd4 g5 40. c4 gxf4 41. gxf4 1-0

[Event "GER Cup Net V1 U1600"]
[Site "Playchess.com INT"]
[Date "2020.05.19"]
[Round "5"]
[White "Schell, Andreas"]
[Black "Poniewasz, Justus"]
[Result "1-0"]
[WhiteElo "1501"]
[BlackElo "1017"]
[PlyCount "85"]
[EventDate "2020.05.19"]
[EventType "swiss (blitz)"]
[EventRounds "9"]
[EventCountry "GER"]
[SourceTitle "EXT 2021"]
[Source "ChessBase"]
[SourceDate "2020.10.23"]
[SourceVersion "1"]
[SourceVersionDate "2020.10.23"]
[SourceQuality "1"]

1. d4 d5 2. g3 Nf6 3. Bg2 Nc6 4. e3 e6 5. Ne2 Bb4+ 6. c3 Bd6 7. 0-0 Bd7 8. b3 0-0 9. Bb2 Ne4 10. Nd2 Nxd2 11. Qxd2 Qe7 12. c4 dxc4 13. bxc4 Ba3 14. Bxa3 Qxa3 15. d5 exd5 16. cxd5 Ne5 17. Rfc1 Qd6 18. Nc3 Nc4 19. Qd4 Nb6 20. Ne4 Qe7 21. Rxc7 Rac8 22. Rxb7 Qa3 23. d6 Bc6 24. Rc7 Rxc7 25. dxc7 Qe7 26. Rc1 Qxc7 27. Nd2 Rc8 28. Rxc6 Qd7 29. Rxc8+ Qxc8 30. Nb3 h6 31. h4 Qe6 32. Kh2 Nd7 33. Bh3 Qf6 34. Qxd7 Qxf2+ 35. Bg2 Qxa2 36. Nd4 Qd2 37. Qe8+ Kh7 38. Qe4+ g6 39. Kh3 a5 40. Qe7 Kg7 41. Ne6+ Kg8 42. Qf8+ Kh7 43. Qg7# 1-0

[Event "GER Cup Net V1 U1600"]
[Site "Playchess.com INT"]
[Date "2020.05.19"]
[Round "2"]
[White "Schell, Andreas"]
[Black "Steimle, Markus"]
[Result "1-0"]
[WhiteElo "1501"]
[BlackElo "1308"]
[PlyCount "91"]
[EventDate "2020.05.19"]
[EventType "swiss (blitz)"]
[EventRounds "9"]
[EventCountry "GER"]
[SourceTitle "EXT 2021"]
[Source "ChessBase"]
[SourceDate "2020.10.23"]
[SourceVersion "1"]
[SourceVersionDate "2020.10.23"]
[SourceQuality "1"]

1. d4 d5 2. g3 e6 3. Bg2 Nf6 4. e3 c6 5. Ne2 Nbd7 6. 0-0 Be7 7. b3 0-0 8. Bb2 Qc7 9. Nd2 h6 10. Rc1 c5 11. c4 dxc4 12. Nxc4 cxd4 13. Bxd4 Qd8 14. Nc3 Rb8 15. Bxa7 Ra8 16. Bd4 Bb4 17. a3 Bxa3 18. Nxa3 Rxa3 19. Nb5 Ra8 20. Nd6 Rb8 21. Ba7 Ra8 22. Bd4 b6 23. Nxc8 Rxc8 24. Rxc8 Qxc8 25. Bxf6 Nxf6 26. Qd4 Qb8 27. e4 Rd8 28. Qe3 b5 29. b4 Qc8 30. Rc1 Qb8 31. f4 Ng4 32. Qe1 Qb6+ 33. Kh1 Ne3 34. h3 Nxg2 35. Kxg2 Qd4 36. Rc5 Qd3 37. h4 Kf8 38. Kh3 f6 39. Rc6 Ke7 40. Rc7+ Rd7 41. Rxd7+ Kxd7 42. f5 exf5 43. exf5 Qxf5+ 44. Kh2 Qg4 45. Kg2 Kc6 46. Qf2 1-0

[Event "GER Cup Net V1 U1600"]
[Site "Playchess.com INT"]
[Date "2020.05.19"]
[Round "1"]
[White "Schell, Andreas"]
[Black "Wolff, Calvin"]
[Result "0-1"]
[WhiteElo "1501"]
[BlackElo "1990"]
[PlyCount "52"]
[EventDate "2020.05.19"]
[EventType "swiss (blitz)"]
[EventRounds "9"]
[EventCountry "GER"]
[SourceTitle "EXT 2021"]
[Source "ChessBase"]
[SourceDate "2020.10.23"]
[SourceVersion "1"]
[SourceVersionDate "2020.10.23"]
[SourceQuality "1"]

1. d4 d5 2. g3 e6 3. Bg2 Be7 4. e3 Nf6 5. Ne2 Nc6 6. 0-0 0-0 7. b3 b6 8. Bb2 Ba6 9. Re1 Ne4 10. Nd2 f5 11. Nxe4 fxe4 12. Rc1 Bd6 13. c4 dxc4 14. bxc4 Nb4 15. Qa4 Qe8 16. Qxe8 Raxe8 17. Red1 Nd3 18. Rc2 Bxc4 19. Rxc4 Nxb2 20. Rcc1 Nxd1 21. Rxd1 Rf7 22. Nc3 Ref8 23. Rd2 Bb4 24. Nxe4 Bxd2 25. Nxd2 Rxf2 26. Bf3 Rxd2 0-1

[Event "GER-ch Net Amateur Gr-C Final"]
[Site "Playchess.com INT"]
[Date "2020.04.18"]
[Round "11"]
[White "Schell, Andreas"]
[Black "Fock, Madiha"]
[Result "0-1"]
[WhiteElo "1542"]
[BlackElo "1774"]
[PlyCount "56"]
[EventDate "2020.04.18"]
[EventType "swiss (blitz)"]
[EventRounds "13"]
[EventCountry "GER"]
[SourceTitle "CBM 195 Extra"]
[Source "ChessBase"]
[SourceDate "2020.05.31"]
[SourceVersion "1"]
[SourceVersionDate "2020.05.31"]
[SourceQuality "1"]

1. d4 d5 2. g3 g6 3. Bg2 Bg7 4. e3 e6 5. Ne2 b6 6. 0-0 Bb7 7. Nd2 Nd7 8. b3 Ne7 9. Bb2 0-0 10. c4 c5 11. Rb1 Rb8 12. e4 dxe4 13. Nxe4 Bxe4 14. Bxe4 Nf6 15. Bg2 cxd4 16. Nxd4 e5 17. Nb5 a6 18. Na3 Qc7 19. Re1 Rbd8 20. Qe2 Nd7 21. Nc2 Nc6 22. Ne3 Nc5 23. Nd5 Qb8 24. Nc3 Nd4 25. Qg4 f5 26. Qh3 e4 27. Nd5 Nd3 28. Re3 Nc2 0-1

[Event "GER-ch Net Amateur Gr-C Vor3"]
[Site "Playchess.com INT"]
[Date "2020.04.16"]
[Round "8"]
[White "Schell, Andreas"]
[Black "Kilius, Anastasios"]
[Result "1-0"]
[WhiteElo "1522"]
[BlackElo "1417"]
[PlyCount "53"]
[EventDate "2020.04.16"]
[EventType "swiss (blitz)"]
[EventRounds "9"]
[EventCountry "GER"]
[SourceTitle "CBM 195 Extra"]
[Source "ChessBase"]
[SourceDate "2020.05.31"]
[SourceVersion "1"]
[SourceVersionDate "2020.05.31"]
[SourceQuality "1"]

1. d4 e6 2. g3 c5 3. Bg2 cxd4 4. Qxd4 d6 5. e3 Nd7 6. Ne2 Ngf6 7. 0-0 Be7 8. Nbc3 Kf8 9. b3 d5 10. Bb2 Bc5 11. Qd1 Ke7 12. Na4 Bd6 13. Nd4 Re8 14. Nb5 Bb4 15. c3 Ba5 16. Ba3+ Nc5 17. Bxc5+ Kd7 18. b4 Bc7 19. c4 a6 20. Nbc3 b6 21. Bd4 Ke7 22. c5 b5 23. Nb6 Bxb6 24. cxb6 Bb7 25. Bc5+ Kd7 26. e4 Nxe4 27. Bxe4 1-0

[Event "GER-ch Net Amateur Gr-C Vor2"]
[Site "Playchess.com INT"]
[Date "2020.04.15"]
[Round "6"]
[White "Schell, Andreas"]
[Black "Fleischmann, Theo"]
[Result "1-0"]
[WhiteElo "1631"]
[BlackElo "1547"]
[PlyCount "47"]
[EventDate "2020.04.15"]
[EventType "swiss (blitz)"]
[EventRounds "9"]
[EventCountry "GER"]
[SourceTitle "CBM 196 Extra"]
[Source "ChessBase"]
[SourceDate "2020.07.31"]
[SourceVersion "1"]
[SourceVersionDate "2020.07.31"]
[SourceQuality "1"]

1. d4 Nf6 2. g3 e6 3. Bg2 d5 4. e3 Be7 5. Ne2 0-0 6. 0-0 Nbd7 7. b3 c5 8. Bb2 cxd4 9. Nxd4 a6 10. Nd2 Qc7 11. c4 b6 12. Rc1 Qd6 13. cxd5 Nxd5 14. Nc4 Qb8 15. Nc6 Qb7 16. Nxe7+ Nxe7 17. Bxb7 Bxb7 18. Qxd7 Nd5 19. Qxb7 b5 20. Nb6 Nxb6 21. Qxb6 Rfb8 22. Qc7 h6 23. Rfd1 f6 24. Rd7 1-0

[Event "GER-ch Net Amateur Gr-C Vor2"]
[Site "Playchess.com INT"]
[Date "2020.04.15"]
[Round "4"]
[White "Winkler, Andreas"]
[Black "Schell, Andreas"]
[Result "1-0"]
[WhiteElo "1533"]
[BlackElo "1631"]
[PlyCount "66"]
[EventDate "2020.04.15"]
[EventType "swiss (blitz)"]
[EventRounds "9"]
[EventCountry "GER"]
[SourceTitle "CBM 196 Extra"]
[Source "ChessBase"]
[SourceDate "2020.07.31"]
[SourceVersion "1"]
[SourceVersionDate "2020.07.31"]
[SourceQuality "1"]

1. e4 e5 2. Nf3 Nc6 3. Bb5 d6 4. Bxc6+ bxc6 5. h3 Nf6 6. d3 g6 7. 0-0 Bg7 8. Bd2 0-0 9. Nc3 Re8 10. Qc1 d5 11. Bh6 d4 12. Na4 Ba6 13. Bxg7 Kxg7 14. Nc5 Bb5 15. a4 Qd6 16. b4 Bxd3 17. cxd3 Reb8 18. Na6 Rb6 19. Qc4 Nd7 20. Nc5 Rab8 21. Nxd7 Qxd7 22. Nxe5 Qe6 23. Qxe6 fxe6 24. Nd7 Rxb4 25. Nxb8 Rxb8 26. Rab1 Rb6 27. Rxb6 cxb6 28. Rc1 c5 29. f4 Kf6 30. g4 h6 31. h4 g5 32. hxg5+ hxg5 33. f5 exf5 1-0